| 000 | 01722cam a22003494a 4500 | ||
|---|---|---|---|
| 001 | sjds4998108 | ||
| 003 | sjds | ||
| 005 | 20190624233639.0 | ||
| 008 | 990514s1999 iluab 000 0 spa | ||
| 010 | _a 99206642 | ||
| 020 | _a0844272418 | ||
| 020 | _a9780844272412 | ||
| 040 |
_aDLC _cDLC _dDLC |
||
| 041 | 0 | _aspaeng | |
| 042 | _apcc | ||
| 043 | _ae-sp--- | ||
| 050 | 0 | 0 |
_aPC4127.L4 _bB28 1999 |
| 082 | 0 | 0 |
_a468.6/421 _221 |
| 100 | 1 | _aBarlow, Genevieve. | |
| 245 | 1 | 0 |
_aLeyendas de Espana : _blegends reflecting the history of Spain / _cGenevieve Barlow and William N. Stivers ; illustrations by George Armstrong and Jeff Stern. |
| 250 | _a2nd ed. | ||
| 260 |
_aLincolnwood, Ill., USA : _bNational Textbook Co., _cc1999. |
||
| 300 |
_a166 p. : _bill., 1 map ; _c23 cm. |
||
| 505 | 0 | _aLémor de Irlanda -- La profecía de la gitana -- El rescate -- Los amantes de Teruel -- El caballo de Aliatar -- La mujer guerrera -- La vieja del candelero -- El puente de San Martín en Toledo -- Las rosas de Casilda -- El cajón misterioso -- El estudiante de Salamanca -- Pedro de Urdemalas -- Murillo, pintor famoso -- El puñal de misericordia -- El misterio de las joyas perdidas -- La gruta del pirata -- Las ánimas -- La dama de piedra. | |
| 650 | 0 |
_aSpanish language _vReaders _xLegends. |
|
| 650 | 0 |
_aLegends _zSpain. |
|
| 700 | 1 | _aStivers, William N. | |
| 856 | 4 | 2 |
_3Publisher description _uhttp://www.loc.gov/catdir/enhancements/fy0602/99206642-d.html |
| 856 | 4 | 2 |
_3Contributor biographical information _uhttp://www.loc.gov/catdir/enhancements/fy1408/99206642-b.html |
| 942 | _cBK | ||
| 999 |
_c20966 _d20966 |
||